000 00499nam a2200181Ia 4500
001 9386
005 20260306161714.0
008 260306t2016||||xx |||||||||||||| ||spa||
041 _aESP
082 _a378.199
_bB34
100 _aBecerra Marsano, Ana María
_eAUT
245 0 _aDiseño curricular por competencias:
_bun enfoque para carreras del campo económico-empresarial
260 _c2016
300 _a137 páginas :
_c22 cm.
650 _aGEN
654 _aCED
942 _cLIB
_dJUS
_fJUS
_2ddc
_n
999 _c9386
_d9386